LDR 00908naa#a2200181#i#450# 001 RU\\bibl\120693 005 20260417215900.5 011 ## _a2073-5537 100 ## _a20260416b2026####ek#y0rusy0150####ca 102 ## _aRU 200 1# _aВзаимосвязь развития рынка индивидуального жилищного строительства и пространственной организации национальной экономики _eЖурнальная статья 210 1# _aАстрахань _cАстраханский государственный технический университет _d2026 215 ## _a6 с. 608 ## _aЖурнальная статья _2local 675 ## _aЖилищное хозяйство. 332.8 _z 700 #1 _aСултанов _gАйрат Алмасович 700 #1 _aМорозова _gНаталья Ивановна 856 4# _avestnik.astu.org _u